000 00530nam a2200145Ia 4500
005 20260209120140.0
008 260209s9999||||xx |||||||||||||| ||und||
100 _aManju Meena
245 2 _aA study of corporate governance in India with special reference to Indian banks
260 _aBangaloreBangalore
_bNLSIU
_c2018
300 _a147 p. ; 25 cm.
650 _aCorporate Governance - Indian banking Sector
700 _aProf. MPP Pillai - GuideProf. MPP Pillai - Guide
856 _uhttps://dans.nls.ac.in/handle/123456789/1526
999 _c217368
_d217368